One Piece: Observation Haki Users - Sudden Death - Statistics

General Stats
  • This quiz has been taken 417 times
  • The average score is 12 of 100
Answers on the Grid
Answers color-coded by a green-red scale on the quiz's grid according to % correct below.
Aisa
Aruyutayan V
Ashura Doji
Atlas
Attach
Bartolomeo
Basil Hawkins
Bastille
Bell-mère
Bellamy
Belo Betty
Bepo
Black Maria
Blue Gilly
Blueno
Boa Hancock
Boa Marigold
Boa Sandersonia
Bobbin
Borsalino
Braham
Brannew
Brook
Caesar Clown
Capone Bege
Captain Morgan
Caramel
Cavendish
Charlotte Brûlée
Charlotte Citron
Charlotte Compote
Charlotte Cracker
Charlotte Daifuku
Charlotte Flampe
Charlotte Katakuri
Charlotte Linlin
Charlotte Lola
Charlotte Moscato
Charlotte Opera
Charlotte Oven
Charlotte Perospero
Charlotte Pudding
Charlotte Raisin
Charlotte Smoothie
Charlotte Snack
Charlotte Yuen
Chief Petty Officer Mashikaku
Chinjao
Chopper
Clou D. Clover
Crocus
Dalton
Denjiro
Diamante
Diez Barrels
Don Krieg
Donquixote Doflamingo
Donquixote Matriarch
Dracule Mihawk
Edison
Edward Newgate
Edward Weevil
Elizabello II
Enel
Faust
Franky
Fukurou
Fullbody
Gedatsu
Gekko Moria
Genbo
Gin
Gol D. Roger
Hajrudin
Hanafuda
Heat
Hera
Hina
Hotori
Ideo
Inuarashi
Isa
Issho
Izou
Jabra
Jack
Jaguar D. Saul
Jango
Jesus Burgess
Jinbe
Jozu
Kaidou
Kaku
Kalgara
Kalifa
Kamakiri
Karasu
Karoo
Kawamatsu
Kikunojo
King
Kin’emon
Koby
Kohza
Kotori
Kouzuki Momonosuke
Kouzuki Oden
Kumadori
Kurozumi Kanjuro
Kuzan
Laskey
Leo
Lilith
Lindbergh
Marco
Marshall D. Teach
Momonga
Monkey D. Garp
Monkey D. Luffy
Mont Blanc Cricket
Mont Blanc Noland
Morley
Ms Chicken
Nami
Napoleon
Nefertari Cobra
Nekomamushi
Neptune
Nero
Nezumi
Nico Olvia
Ohm
Orlumbus
Otohime
Page One
Pandora
Pearl
Pedro
Pekoms (?)
Pica
Prometheus
Pythagoras
Queen
Raizo
Raki
Ratel
Rebecca
Riku Doldo III
Ripper
Rob Lucci
Robin
Roronoa Zoro
Sabo
Sai
Saint Charlos
Saint Donquixote Homing
Saint Jalmack
Saint Pluming
Saint Rosward
Saint Shalria
Sakazuki
Sanji
Sasaki
Satori
Seaman Recruit Ukkari
Sengoku
Sentomaru
Shaka
Shanks
Shirahoshi
Shu
Shura
Silvers Rayleigh
Smoker
Spandam
Spandine
Stussy
Tamago
Tashigi
Trafalgar D. Water Law
Trebol
Tsuru
Ulti
Usopp
Vergo
Very Good
Vinsmoke Ichiji
Vinsmoke Judge
Vinsmoke Niji
Vinsmoke Reiju
Vinsmoke Sora
Vinsmoke Yonji
Vista
Wapol
Who’s‑Who
Wire
Wyper
York
Zeff
Zeus
 
Answer Stats
Answer % Correct
Boa Hancock
53%
Borsalino
36%
Aisa
34%
Charlotte Katakuri
31%
Charlotte Linlin
29%
Edward Newgate
27%
Basil Hawkins
26%
Monkey D. Luffy
26%
Dracule Mihawk
25%
Roronoa Zoro
25%
Ashura Doji
24%
Gol D. Roger
24%
Donquixote Doflamingo
23%
Enel
23%
Marshall D. Teach
23%
Black Maria
21%
Boa Sandersonia
21%
Monkey D. Garp
21%
Sanji
21%
Shanks
21%
Boa Marigold
20%
Usopp
20%
Sengoku
19%
Bellamy
18%
Charlotte Cracker
18%
Marco
18%
Rob Lucci
18%
Sabo
18%
Silvers Rayleigh
18%
Kaidou
17%
King
17%
Kouzuki Oden
17%
Trafalgar D. Water Law
17%
Chinjao
16%
Sakazuki
16%
Blueno
15%
Kuzan
15%
Belo Betty
13%
Sentomaru
13%
Queen
12%
Koby
11%
Charlotte Perospero
10%
Jinbe
10%
Who’s‑Who
10%
Cavendish
9%
Charlotte Oven
9%
Jack
9%
Smoker
9%
Tashigi
9%
Vista
9%
Bastille
8%
Kaku
8%
Stussy
8%
Tsuru
8%
Vergo
8%
Charlotte Daifuku
7%
Charlotte Smoothie
7%
Pica
7%
Sasaki
7%
Edward Weevil
6%
Gedatsu
6%
Issho
6%
Trebol
6%
Crocus
5%
Denjiro
5%
Diamante
5%
Fukurou
5%
Jozu
5%
Kalifa
5%
Kin’emon
5%
Kouzuki Momonosuke
5%
Page One
5%
Ulti
5%
Inuarashi
4%
Karasu
4%
Kumadori
4%
Momonga
4%
Ohm
4%
Pedro
4%
Raizo
4%
Rebecca
4%
Sai
4%
Satori
4%
Izou
3%
Jabra
3%
Jesus Burgess
3%
Kalgara
3%
Kawamatsu
3%
Kikunojo
3%
Nekomamushi
3%
Hotori
2%
Kotori
2%
Kurozumi Kanjuro
2%
Lindbergh
2%
Morley
2%
Otohime
2%
Pekoms (?)
2%
Shirahoshi
2%
Shura
2%
Tamago
2%
No matching quizzes found
Score Distribution
Percent of People with Each Score
Percentile by Number Answered
Your Score History
You have not taken this quiz